| 000 | 00724nam a2200265 a 4500 | ||
|---|---|---|---|
| 003 | AR-BaBNM | ||
| 005 | 20251128203134.0 | ||
| 008 | 082120s2002 ||||||||||||||000 | spa|| | ||
| 040 | _cAR-BaBNM | ||
| 100 | 1 | _aReyes Ortiz, Félix | |
| 245 | 0 | 0 |
_aPlan de una representación ; _bLos lanzas |
| 260 |
_aLa Paz _bInstituto Boliviano de Cultura _c1976 |
||
| 300 | _a101 p. | ||
| 490 | 0 |
_aClásicos bolivianos _vv. 4 |
|
| 650 | 4 | _aROMANTICISMO | |
| 650 | 4 | _aLITERATURA LATINOAMERICANA | |
| 650 | 4 | _aTEATRO | |
| 650 | 4 | _aSIGLO DIECINUEVE | |
| 650 | 4 | _aHISTORIA LATINOAMERICANA | |
| 653 | _aLITERATURA BOLIVIANA | ||
| 655 | _aLITERATURA | ||
| 700 | 1 |
_aVega, Julio de la _eprologuista |
|
| 942 | _cBK | ||
| 998 | _cMARTIN | ||
| 999 |
_c2085 _d2085 |
||